| 000 | 00792nam a2200205 a 4500 | ||
|---|---|---|---|
| 001 | 000041471 | ||
| 005 | 20220322103914.0 | ||
| 008 | 131007s2004 dr ac r 000 0 spa d | ||
| 040 |
_aDO-SdBNP _bspa _cBNPHU |
||
| 041 | 1 | 7 |
_aspa _bfra |
| 082 |
_axxxx _bCh488o |
||
| 100 | 1 |
_aChassériau, Théodore _968156 |
|
| 245 | 1 | 0 |
_aOeuvres sur papier = Obras sobre papel / _cThéodore Chassériau; traducciones, Gysele Buloa, Centro Cultural Cariforo, Marianne de Tolentino, Sayuri Gúzman, e-scripto. |
| 260 |
_aSantiago, República Dominicana : _bCentro León, _c2004. |
||
| 300 |
_a176 p. : _bil., retr. ; _c28 cm. |
||
| 700 | 1 |
_aBuloa, Gysele, _etrad. _968157 |
|
| 710 | 2 |
_aCentro Cultural Cariforo _968158 |
|
| 700 | 1 |
_aTolentino, Marianne de, _etr. _915222 |
|
| 700 | 1 |
_aGúzman, Sayuri, _etrad. _968159 |
|
| 999 |
_c40961 _d40961 |
||